[Event "April 9 Late 2024"]
[Site "Chess.com"]
[Date "2024.04.09"]
[Round "10"]
[White "Rohwer, Paul"]
[Black "Ambartsumova, Karina"]
[Result "0-1"]
[Board "57"]
[WhiteFideId "2007827"]
[BlackFideId "4166299"]
[BlackTitle "IM"]
[WhiteElo "2333"]
[BlackElo "2608"]
[WhiteTeam "USA"]
[BlackTeam "RUS"]
[WhiteClock "0:00:40"]
[BlackClock "0:00:24"]
[Variant "Standard"]

1. e4 {[%clk 0:03:00]}  e5 {[%clk 0:02:59]} 2. Nf3 {[%clk 0:02:59]}  Nc6 {[%clk 0:02:59]} 3. Bb5 {[%clk 0:02:59]}  Nge7 {[%clk 0:02:59]} 4. O-O {[%clk 0:02:59]}  Ng6 {[%clk 0:02:58]} 5. d3 {[%clk 0:02:56]}  d6 {[%clk 0:02:53]} 6. h3 {[%clk 0:02:55]}  Be7 {[%clk 0:02:52]} 7. c3 {[%clk 0:02:54]}  O-O {[%clk 0:02:50]} 8. d4 {[%clk 0:02:54]}  Bd7 {[%clk 0:02:44]} 9. d5 {[%clk 0:02:53]}  Nb8 {[%clk 0:02:44]} 10. Be2 {[%clk 0:02:52]}  f5 {[%clk 0:02:43]} 11. Nfd2 {[%clk 0:02:48]}  a5 {[%clk 0:02:39]} 12. Na3 {[%clk 0:02:41]}  Na6 {[%clk 0:02:24]} 13. Nac4 {[%clk 0:02:32]}  Nc5 {[%clk 0:02:23]} 14. exf5 {[%clk 0:02:32]}  Bxf5 {[%clk 0:02:24]} 15. Ne3 {[%clk 0:02:26]}  Bd3 {[%clk 0:02:05]} 16. b4 {[%clk 0:02:25]}  Bxe2 {[%clk 0:02:03]} 17. Qxe2 {[%clk 0:02:25]}  Na4 {[%clk 0:01:40]} 18. Qc4 {[%clk 0:02:07]}  Nf4 {[%clk 0:01:27]} 19. Ne4 {[%clk 0:01:50]}  Nb6 {[%clk 0:01:12]} 20. Qb3 {[%clk 0:01:49]}  Qe8 {[%clk 0:01:05]} 21. c4 {[%clk 0:01:39]}  Qg6 {[%clk 0:01:01]} 22. Ng3 {[%clk 0:01:39]}  a4 {[%clk 0:00:59]} 23. Qd1 {[%clk 0:01:35]}  Rf7 {[%clk 0:00:46]} 24. Qg4 {[%clk 0:01:25]}  Qxg4 {[%clk 0:00:46]} 25. hxg4 {[%clk 0:01:25]}  g6 {[%clk 0:00:46]} 26. Ba3 {[%clk 0:01:15]}  Raf8 {[%clk 0:00:44]} 27. Rad1 {[%clk 0:01:10]}  Nd7 {[%clk 0:00:38]} 28. Ne4 {[%clk 0:01:05]}  b6 {[%clk 0:00:37]} 29. Rd2 {[%clk 0:00:59]}  h6 {[%clk 0:00:30]} 30. g3 {[%clk 0:00:58]}  Nh3+ {[%clk 0:00:30]} 31. Kg2 {[%clk 0:00:59]}  Ng5 {[%clk 0:00:30]} 32. Nxg5 {[%clk 0:00:55]}  Bxg5 {[%clk 0:00:31]} 33. Re1 {[%clk 0:00:54]}  Kg7 {[%clk 0:00:31]} 34. Bb2 {[%clk 0:00:51]}  Kh7 {[%clk 0:00:27]} 35. Rd3 {[%clk 0:00:40]}  Rxf2+ {[%clk 0:00:24]} 0-1

[Event "April 9 Late 2024"]
[Site "Chess.com"]
[Date "2024.04.10"]
[Round "10"]
[White "Paragua, Megan Althea"]
[Black "Temirlan Baltabaev"]
[Result "1/2-1/2"]
[Board "59"]
[WhiteFideId "30973007"]
[BlackFideId "4112172"]
[WhiteTitle "WFM"]
[BlackTitle "FM"]
[WhiteElo "2451"]
[BlackElo "2605"]
[WhiteTeam "USA"]
[BlackTeam "RUS"]
[WhiteClock "0:00:13"]
[BlackClock "0:00:20"]
[Variant "Standard"]

1. d4 {[%clk 0:02:53]}  d5 {[%clk 0:02:59]} 2. Nf3 {[%clk 0:02:49]}  Nf6 {[%clk 0:02:59]} 3. e3 {[%clk 0:02:49]}  c6 {[%clk 0:02:58]} 4. Bd3 {[%clk 0:02:50]}  g6 {[%clk 0:02:58]} 5. O-O {[%clk 0:02:51]}  Bg7 {[%clk 0:02:58]} 6. b3 {[%clk 0:02:51]}  Bg4 {[%clk 0:02:58]} 7. Bb2 {[%clk 0:02:51]}  Nbd7 {[%clk 0:02:58]} 8. Nbd2 {[%clk 0:02:45]}  O-O {[%clk 0:02:57]} 9. h3 {[%clk 0:02:42]}  Bxf3 {[%clk 0:02:51]} 10. Qxf3 {[%clk 0:02:40]}  Qc7 {[%clk 0:02:48]} 11. c4 {[%clk 0:02:37]}  e5 {[%clk 0:02:46]} 12. cxd5 {[%clk 0:02:21]}  Nxd5 {[%clk 0:02:45]} 13. Rac1 {[%clk 0:01:56]}  Qa5 {[%clk 0:02:35]} 14. Nc4 {[%clk 0:01:38]}  Qxa2 {[%clk 0:02:35]} 15. Ra1 {[%clk 0:01:28]}  Qxb3 {[%clk 0:02:29]} 16. Ra3 {[%clk 0:01:25]}  Qb4 {[%clk 0:02:26]} 17. Rb1 {[%clk 0:00:41]}  N5b6 {[%clk 0:02:03]} 18. Bc3 {[%clk 0:00:34]}  Qe7 {[%clk 0:01:53]} 19. Bb4 {[%clk 0:00:33]}  c5 {[%clk 0:01:49]} 20. dxc5 {[%clk 0:00:34]}  Nxc4 {[%clk 0:01:41]} 21. Bxc4 {[%clk 0:00:33]}  Nxc5 {[%clk 0:01:37]} 22. Bd5 {[%clk 0:00:29]}  e4 {[%clk 0:01:29]} 23. Qe2 {[%clk 0:00:15]}  Rfd8 {[%clk 0:01:13]} 24. Qa2 {[%clk 0:00:13]}  Rd7 {[%clk 0:00:39]} 25. Rc1 {[%clk 0:00:13]}  Rc8 {[%clk 0:00:34]} 26. Rxa7 {[%clk 0:00:11]}  b6 {[%clk 0:00:26]} 27. Rxd7 {[%clk 0:00:11]}  Qxd7 {[%clk 0:00:26]} 28. Bxc5 {[%clk 0:00:11]}  bxc5 {[%clk 0:00:23]} 29. Bxe4 {[%clk 0:00:11]}  Bf6 {[%clk 0:00:22]} 30. Bf3 {[%clk 0:00:11]}  Kg7 {[%clk 0:00:23]} 31. Qc4 {[%clk 0:00:11]}  Qd6 {[%clk 0:00:22]} 32. Bg4 {[%clk 0:00:11]}  Rc7 {[%clk 0:00:22]} 33. Rd1 {[%clk 0:00:11]}  Qb6 {[%clk 0:00:23]} 34. g3 {[%clk 0:00:11]}  Qb4 {[%clk 0:00:23]} 35. Qd5 {[%clk 0:00:11]}  c4 {[%clk 0:00:22]} 36. Rc1 {[%clk 0:00:11]}  c3 {[%clk 0:00:22]} 37. Rc2 {[%clk 0:00:11]}  Qb1+ {[%clk 0:00:22]} 38. Qd1 {[%clk 0:00:12]}  Qxd1+ {[%clk 0:00:22]} 39. Bxd1 {[%clk 0:00:11]}  Rd7 {[%clk 0:00:22]} 40. Bg4 {[%clk 0:00:11]}  Ra7 {[%clk 0:00:22]} 41. Kg2 {[%clk 0:00:11]}  h5 {[%clk 0:00:21]} 42. Bf3 {[%clk 0:00:12]}  Ra1 {[%clk 0:00:20]} 43. Be4 {[%clk 0:00:12]}  Ra4 {[%clk 0:00:19]} 44. Bd3 {[%clk 0:00:11]}  Rb4 {[%clk 0:00:20]} 45. Kf3 {[%clk 0:00:10]}  Rb2 {[%clk 0:00:20]} 46. Rxb2 {[%clk 0:00:09]}  cxb2 {[%clk 0:00:21]} 47. Ke2 {[%clk 0:00:10]}  Kf8 {[%clk 0:00:21]} 48. g4 {[%clk 0:00:10]}  hxg4 {[%clk 0:00:20]} 49. hxg4 {[%clk 0:00:10]}  Ke7 {[%clk 0:00:21]} 50. f4 {[%clk 0:00:11]}  Bg7 {[%clk 0:00:21]} 51. e4 {[%clk 0:00:11]}  Bc3 {[%clk 0:00:21]} 52. Kd1 {[%clk 0:00:11]}  Kd6 {[%clk 0:00:21]} 53. Kc2 {[%clk 0:00:11]}  Bd4 {[%clk 0:00:22]} 54. e5+ {[%clk 0:00:11]}  Kd5 {[%clk 0:00:21]} 55. Kb1 {[%clk 0:00:11]}  Bc3 {[%clk 0:00:21]} 56. Kc2 {[%clk 0:00:11]}  Kd4 {[%clk 0:00:22]} 57. f5 {[%clk 0:00:10]}  gxf5 {[%clk 0:00:21]} 58. gxf5 {[%clk 0:00:10]}  Bb4 {[%clk 0:00:19]} 59. e6 {[%clk 0:00:10]}  fxe6 {[%clk 0:00:19]} 60. fxe6 {[%clk 0:00:10]}  Ba3 {[%clk 0:00:19]} 61. Bg6 {[%clk 0:00:08]}  Ke5 {[%clk 0:00:19]} 62. Kb1 {[%clk 0:00:08]}  Kf6 {[%clk 0:00:20]} 63. Bc2 {[%clk 0:00:08]}  Kxe6 {[%clk 0:00:20]} 64. Bb3+ {[%clk 0:00:09]}  Ke5 {[%clk 0:00:20]} 65. Ba2 {[%clk 0:00:09]}  Kd4 {[%clk 0:00:20]} 66. Bg8 {[%clk 0:00:10]}  Kc3 {[%clk 0:00:20]} 67. Ba2 {[%clk 0:00:10]}  Bc5 {[%clk 0:00:21]} 68. Bg8 {[%clk 0:00:11]}  Bd4 {[%clk 0:00:20]} 69. Ba2 {[%clk 0:00:12]}  Bc5 {[%clk 0:00:20]} 70. Bg8 {[%clk 0:00:13]}  Bd4 {[%clk 0:00:20]} 71. Ba2 {[%clk 0:00:13]}  Bc5 {[%clk 0:00:20]} 1/2-1/2

[Event "April 9 Late 2024"]
[Site "Chess.com"]
[Date "2024.04.09"]
[Round "10"]
[White "Badacsonyi, Stanley"]
[Black "Denis Denisenko"]
[Result "0-1"]
[Board "61"]
[WhiteFideId "486973"]
[BlackFideId "4170652"]
[WhiteTitle "CM"]
[WhiteElo "2582"]
[BlackElo "2444"]
[WhiteTeam "ENG"]
[WhiteClock "0:02:26"]
[BlackClock "0:00:40"]
[Variant "Standard"]

1. d4 {[%clk 0:03:00]}  d5 {[%clk 0:02:59]} 2. Nc3 {[%clk 0:03:01]}  c6 {[%clk 0:02:59]} 3. Bf4 {[%clk 0:03:01]}  Bf5 {[%clk 0:02:58]} 4. e3 {[%clk 0:03:02]}  Nf6 {[%clk 0:02:58]} 5. f3 {[%clk 0:03:01]}  Nbd7 {[%clk 0:02:57]} 6. g4 {[%clk 0:03:02]}  Bg6 {[%clk 0:02:57]} 7. h4 {[%clk 0:03:02]}  h5 {[%clk 0:02:57]} 8. g5 {[%clk 0:03:03]}  Ng8 {[%clk 0:02:57]} 9. Bd3 {[%clk 0:03:03]}  Bxd3 {[%clk 0:02:56]} 10. Qxd3 {[%clk 0:03:04]}  g6 {[%clk 0:02:57]} 11. Nge2 {[%clk 0:03:04]}  e6 {[%clk 0:02:53]} 12. O-O-O {[%clk 0:03:05]}  Rc8 {[%clk 0:02:51]} 13. e4 {[%clk 0:03:05]}  a6 {[%clk 0:02:49]} 14. Ng3 {[%clk 0:03:03]}  Ne7 {[%clk 0:02:45]} 15. Rhe1 {[%clk 0:03:03]}  Bg7 {[%clk 0:02:42]} 16. exd5 {[%clk 0:03:02]}  cxd5 {[%clk 0:02:38]} 17. Bd6 {[%clk 0:03:02]}  Nb6 {[%clk 0:02:27]} 18. Bc5 {[%clk 0:03:00]}  O-O {[%clk 0:02:16]} 19. b3 {[%clk 0:02:56]}  Re8 {[%clk 0:02:16]} 20. Nce2 {[%clk 0:02:52]}  Nd7 {[%clk 0:01:49]} 21. Ba3 {[%clk 0:02:50]}  b5 {[%clk 0:01:47]} 22. Nf4 {[%clk 0:02:46]}  Qa5 {[%clk 0:01:40]} 23. Bxe7 {[%clk 0:02:41]}  Rxe7 {[%clk 0:01:36]} 24. Kb1 {[%clk 0:02:41]}  Nb6 {[%clk 0:01:21]} 25. Nxg6 {[%clk 0:02:39]}  fxg6 {[%clk 0:01:11]} 26. Qxg6 {[%clk 0:02:40]}  Nc4 {[%clk 0:01:03]} 27. Nf5 {[%clk 0:02:34]}  Na3+ {[%clk 0:00:56]} 28. Ka1 {[%clk 0:02:30]}  Nxc2+ {[%clk 0:00:55]} 29. Kb1 {[%clk 0:02:28]}  Na3+ {[%clk 0:00:48]} 30. Kb2 {[%clk 0:02:26]}  Rc2+ {[%clk 0:00:40]} 0-1

[Event "April 9 Late 2024"]
[Site "Chess.com"]
[Date "2024.04.09"]
[Round "10"]
[White "Deviprasath, Sharvesh"]
[Black "Vovk, Orest"]
[Result "0-1"]
[Board "62"]
[WhiteFideId "30938228"]
[BlackFideId "14113490"]
[WhiteTitle "FM"]
[BlackTitle "FM"]
[WhiteElo "2429"]
[BlackElo "2556"]
[WhiteTeam "USA"]
[BlackTeam "UKR"]
[WhiteClock "0:00:04"]
[BlackClock "0:00:13"]
[Variant "Standard"]

1. e4 {[%clk 0:03:00]}  g5 {[%clk 0:02:47]} 2. d4 {[%clk 0:02:57]}  g4 {[%clk 0:02:47]} 3. Nc3 {[%clk 0:02:51]}  Bg7 {[%clk 0:02:47]} 4. Be3 {[%clk 0:02:49]}  h5 {[%clk 0:02:46]} 5. Qd2 {[%clk 0:02:48]}  d6 {[%clk 0:02:46]} 6. O-O-O {[%clk 0:02:48]}  c6 {[%clk 0:02:46]} 7. f4 {[%clk 0:02:49]}  Qa5 {[%clk 0:02:46]} 8. Kb1 {[%clk 0:02:48]}  b5 {[%clk 0:02:47]} 9. h3 {[%clk 0:02:37]}  Be6 {[%clk 0:02:30]} 10. f5 {[%clk 0:02:32]}  Bc4 {[%clk 0:02:22]} 11. hxg4 {[%clk 0:02:21]}  Bxf1 {[%clk 0:02:15]} 12. Rxf1 {[%clk 0:02:19]}  b4 {[%clk 0:02:14]} 13. Nce2 {[%clk 0:02:16]}  hxg4 {[%clk 0:02:14]} 14. Rxh8 {[%clk 0:02:15]}  Bxh8 {[%clk 0:02:15]} 15. Nc1 {[%clk 0:02:10]}  Nf6 {[%clk 0:02:12]} 16. e5 {[%clk 0:01:53]}  dxe5 {[%clk 0:02:07]} 17. Nge2 {[%clk 0:01:52]}  Ne4 {[%clk 0:02:02]} 18. Qd3 {[%clk 0:01:48]}  Qd5 {[%clk 0:01:56]} 19. Rh1 {[%clk 0:01:32]}  Bf6 {[%clk 0:01:54]} 20. dxe5 {[%clk 0:01:21]}  Bxe5 {[%clk 0:01:53]} 21. Bd4 {[%clk 0:01:12]}  Bxd4 {[%clk 0:01:43]} 22. Nxd4 {[%clk 0:01:12]}  Nd7 {[%clk 0:01:40]} 23. Rh8+ {[%clk 0:01:09]}  Nf8 {[%clk 0:01:39]} 24. Nce2 {[%clk 0:00:44]}  Rd8 {[%clk 0:01:22]} 25. c3 {[%clk 0:00:23]}  c5 {[%clk 0:00:58]} 26. Qb5+ {[%clk 0:00:22]}  Qd7 {[%clk 0:00:58]} 27. Qxd7+ {[%clk 0:00:13]}  Rxd7 {[%clk 0:00:57]} 28. Nc6 {[%clk 0:00:13]}  Rd1+ {[%clk 0:00:48]} 29. Nc1 {[%clk 0:00:11]}  bxc3 {[%clk 0:00:42]} 30. bxc3 {[%clk 0:00:11]}  Nxc3+ {[%clk 0:00:41]} 31. Kc2 {[%clk 0:00:11]}  Rg1 {[%clk 0:00:41]} 32. Kxc3 {[%clk 0:00:11]}  Rxc1+ {[%clk 0:00:40]} 33. Kd3 {[%clk 0:00:11]}  Rg1 {[%clk 0:00:39]} 34. Ke4 {[%clk 0:00:08]}  Rxg2 {[%clk 0:00:38]} 35. Ke5 {[%clk 0:00:09]}  Rxa2 {[%clk 0:00:33]} 36. Kd5 {[%clk 0:00:07]}  g3 {[%clk 0:00:30]} 37. Rg8 {[%clk 0:00:07]}  g2 {[%clk 0:00:29]} 38. Kxc5 {[%clk 0:00:06]}  a5 {[%clk 0:00:25]} 39. Ne5 {[%clk 0:00:06]}  a4 {[%clk 0:00:22]} 40. Nc4 {[%clk 0:00:06]}  a3 {[%clk 0:00:18]} 41. Kb4 {[%clk 0:00:06]}  Ra1 {[%clk 0:00:15]} 42. Nxa3 {[%clk 0:00:04]}  g1=Q {[%clk 0:00:13]} 0-1

[Event "April 9 Late 2024"]
[Site "Chess.com"]
[Date "2024.04.09"]
[Round "10"]
[White "Seletsky, Grigory"]
[Black "Novak, Ratko"]
[Result "1-0"]
[Board "65"]
[WhiteFideId "14112191"]
[BlackFideId "14511827"]
[WhiteTitle "FM"]
[BlackTitle "CM"]
[WhiteElo "2511"]
[BlackElo "2414"]
[WhiteTeam "UKR"]
[BlackTeam "CRO"]
[WhiteClock "0:00:11"]
[BlackClock "0:00:00"]
[Variant "Standard"]

1. e4 {[%clk 0:02:50]}  d5 {[%clk 0:02:59]} 2. Nc3 {[%clk 0:02:46]}  d4 {[%clk 0:02:58]} 3. Nce2 {[%clk 0:02:45]}  c5 {[%clk 0:02:59]} 4. f4 {[%clk 0:02:44]}  Nc6 {[%clk 0:03:00]} 5. Nf3 {[%clk 0:02:44]}  e5 {[%clk 0:03:00]} 6. fxe5 {[%clk 0:02:42]}  Bg4 {[%clk 0:03:00]} 7. Neg1 {[%clk 0:02:41]}  Nxe5 {[%clk 0:02:58]} 8. Bb5+ {[%clk 0:02:38]}  Nc6 {[%clk 0:02:54]} 9. Bxc6+ {[%clk 0:02:38]}  bxc6 {[%clk 0:02:54]} 10. d3 {[%clk 0:02:38]}  f5 {[%clk 0:02:53]} 11. e5 {[%clk 0:02:36]}  Qd5 {[%clk 0:02:48]} 12. b3 {[%clk 0:02:34]}  Be7 {[%clk 0:02:43]} 13. Qe2 {[%clk 0:02:32]}  Bh4+ {[%clk 0:02:39]} 14. Kd1 {[%clk 0:02:25]}  O-O-O {[%clk 0:02:26]} 15. Bf4 {[%clk 0:02:22]}  Re8 {[%clk 0:02:25]} 16. h3 {[%clk 0:02:19]}  Bh5 {[%clk 0:02:17]} 17. Rh2 {[%clk 0:02:15]}  Be7 {[%clk 0:02:04]} 18. h4 {[%clk 0:02:02]}  h6 {[%clk 0:01:58]} 19. Kc1 {[%clk 0:01:42]}  g5 {[%clk 0:01:57]} 20. hxg5 {[%clk 0:01:15]}  hxg5 {[%clk 0:01:56]} 21. Bd2 {[%clk 0:01:15]}  Bd6 {[%clk 0:01:07]} 22. Bxg5 {[%clk 0:01:07]}  Bxe5 {[%clk 0:01:03]} 23. Rxh5 {[%clk 0:00:49]}  Rxh5 {[%clk 0:00:57]} 24. Nxe5 {[%clk 0:00:46]}  Rh1 {[%clk 0:00:57]} 25. Kb2 {[%clk 0:00:32]}  Qxe5 {[%clk 0:00:57]} 26. Qd2 {[%clk 0:00:29]}  Qg3 {[%clk 0:00:38]} 27. Bf4 {[%clk 0:00:20]}  Qg4 {[%clk 0:00:34]} 28. g3 {[%clk 0:00:19]}  Nf6 {[%clk 0:00:33]} 29. Qa5 {[%clk 0:00:18]}  Nd5 {[%clk 0:00:26]} 30. Qxc5 {[%clk 0:00:14]}  Nxf4 {[%clk 0:00:26]} 31. Qxc6+ {[%clk 0:00:14]}  Kd8 {[%clk 0:00:26]} 32. Qxh1 {[%clk 0:00:13]}  Qxg3 {[%clk 0:00:22]} 33. Qa8+ {[%clk 0:00:12]}  Ke7 {[%clk 0:00:20]} 34. Qxa7+ {[%clk 0:00:13]}  Kf8 {[%clk 0:00:21]} 35. Qxd4 {[%clk 0:00:13]}  Ne6 {[%clk 0:00:17]} 36. Qf6+ {[%clk 0:00:11]}  Kg8 {[%clk 0:00:13]} 37. Qxf5 {[%clk 0:00:12]}  Ng7 {[%clk 0:00:07]} 38. Qd5+ {[%clk 0:00:11]}  Kh7 {[%clk 0:00:00]} 39. Nf3 {[%clk 0:00:11]} 1-0

[Event "April 9 Late 2024"]
[Site "Chess.com"]
[Date "2024.04.09"]
[Round "10"]
[White "Bence Papp"]
[Black "Rangel, Daniel"]
[Result "0-1"]
[Board "67"]
[WhiteFideId "788384"]
[BlackFideId "2124475"]
[WhiteTitle "FM"]
[BlackTitle "FM"]
[WhiteElo "2328"]
[BlackElo "2482"]
[WhiteTeam "HUN"]
[BlackTeam "BRA"]
[WhiteClock "0:00:04"]
[BlackClock "0:01:06"]
[Variant "Standard"]

1. e4 {[%clk 0:03:00]}  c5 {[%clk 0:03:00]} 2. Nf3 {[%clk 0:02:59]}  d6 {[%clk 0:03:00]} 3. d4 {[%clk 0:02:59]}  cxd4 {[%clk 0:03:01]} 4. Nxd4 {[%clk 0:03:00]}  Nf6 {[%clk 0:03:02]} 5. Nc3 {[%clk 0:02:59]}  a6 {[%clk 0:03:03]} 6. Rg1 {[%clk 0:02:57]}  e5 {[%clk 0:03:02]} 7. Nb3 {[%clk 0:02:52]}  Be6 {[%clk 0:03:03]} 8. g4 {[%clk 0:02:49]}  d5 {[%clk 0:03:01]} 9. g5 {[%clk 0:02:41]}  Nxe4 {[%clk 0:03:01]} 10. Nxe4 {[%clk 0:02:38]}  dxe4 {[%clk 0:03:02]} 11. Qe2 {[%clk 0:02:28]}  Nc6 {[%clk 0:02:46]} 12. Qxe4 {[%clk 0:02:18]}  Qd7 {[%clk 0:02:38]} 13. Be3 {[%clk 0:01:55]}  O-O-O {[%clk 0:02:33]} 14. Bd3 {[%clk 0:01:48]}  Bb4+ {[%clk 0:02:12]} 15. Ke2 {[%clk 0:01:41]}  Nd4+ {[%clk 0:02:06]} 16. Nxd4 {[%clk 0:00:55]}  exd4 {[%clk 0:02:07]} 17. Bf4 {[%clk 0:00:45]}  Rhe8 {[%clk 0:02:04]} 18. Be5 {[%clk 0:00:36]}  Bd5 {[%clk 0:01:56]} 19. Qxd4 {[%clk 0:00:22]}  Rxe5+ {[%clk 0:01:52]} 20. Qxe5 {[%clk 0:00:20]}  Re8 {[%clk 0:01:52]} 21. Qxe8+ {[%clk 0:00:21]}  Qxe8+ {[%clk 0:01:52]} 22. Kf1 {[%clk 0:00:21]}  Be6 {[%clk 0:01:45]} 23. Rg3 {[%clk 0:00:19]}  Bd6 {[%clk 0:01:44]} 24. Re3 {[%clk 0:00:19]}  Bc5 {[%clk 0:01:42]} 25. Re4 {[%clk 0:00:17]}  Kb8 {[%clk 0:01:29]} 26. Rae1 {[%clk 0:00:16]}  Qd8 {[%clk 0:01:29]} 27. h4 {[%clk 0:00:12]}  Qd6 {[%clk 0:01:23]} 28. f4 {[%clk 0:00:10]}  Bh3+ {[%clk 0:01:20]} 29. Ke2 {[%clk 0:00:09]}  Ka7 {[%clk 0:01:15]} 30. Kd2 {[%clk 0:00:09]}  Bf5 {[%clk 0:01:07]} 31. Re8 {[%clk 0:00:04]}  Bb4+ {[%clk 0:01:06]} 0-1

[Event "April 9 Late 2024"]
[Site "Chess.com"]
[Date "2024.04.09"]
[Round "10"]
[White "Garcia Guerrero, Isaac Antonio"]
[Black "Zampronha, Wladimir Camilo"]
[Result "0-1"]
[Board "68"]
[WhiteFideId "5110475"]
[BlackFideId "2103087"]
[WhiteTitle "FM"]
[WhiteElo "2635"]
[BlackElo "2426"]
[WhiteTeam "MEX"]
[BlackTeam "BRA"]
[WhiteClock "0:00:00"]
[BlackClock "0:00:11"]
[Variant "Standard"]

1. Nf3 {[%clk 0:03:00]}  Nf6 {[%clk 0:02:59]} 2. g3 {[%clk 0:02:57]}  e6 {[%clk 0:02:57]} 3. Bg2 {[%clk 0:02:58]}  d5 {[%clk 0:02:57]} 4. O-O {[%clk 0:02:59]}  c5 {[%clk 0:02:58]} 5. d4 {[%clk 0:03:00]}  Nc6 {[%clk 0:02:58]} 6. c4 {[%clk 0:02:59]}  cxd4 {[%clk 0:02:56]} 7. Nxd4 {[%clk 0:03:00]}  Be7 {[%clk 0:02:54]} 8. Nc3 {[%clk 0:02:58]}  O-O {[%clk 0:02:54]} 9. cxd5 {[%clk 0:02:55]}  exd5 {[%clk 0:02:55]} 10. Bg5 {[%clk 0:02:51]}  Be6 {[%clk 0:02:54]} 11. Rc1 {[%clk 0:02:47]}  Rc8 {[%clk 0:02:53]} 12. Nxc6 {[%clk 0:02:42]}  bxc6 {[%clk 0:02:52]} 13. Na4 {[%clk 0:02:40]}  Nd7 {[%clk 0:02:34]} 14. Be3 {[%clk 0:02:27]}  Qa5 {[%clk 0:02:23]} 15. b3 {[%clk 0:02:10]}  Rfd8 {[%clk 0:01:59]} 16. Qd2 {[%clk 0:01:35]}  Bb4 {[%clk 0:01:57]} 17. Qb2 {[%clk 0:01:32]}  Nb6 {[%clk 0:01:53]} 18. Nc5 {[%clk 0:01:24]}  Ba3 {[%clk 0:01:50]} 19. Qc3 {[%clk 0:01:00]}  Bb4 {[%clk 0:01:50]} 20. Qc2 {[%clk 0:00:57]}  Nd7 {[%clk 0:01:44]} 21. Nxe6 {[%clk 0:00:56]}  fxe6 {[%clk 0:01:43]} 22. Bh3 {[%clk 0:00:56]}  Nf8 {[%clk 0:01:43]} 23. Rfd1 {[%clk 0:00:54]}  Ba3 {[%clk 0:01:38]} 24. Rb1 {[%clk 0:00:52]}  c5 {[%clk 0:01:36]} 25. Bd2 {[%clk 0:00:49]}  Bb4 {[%clk 0:01:36]} 26. Bf4 {[%clk 0:00:47]}  d4 {[%clk 0:01:26]} 27. Qe4 {[%clk 0:00:44]}  Qb6 {[%clk 0:01:18]} 28. Rbc1 {[%clk 0:00:42]}  Bc3 {[%clk 0:01:16]} 29. Bg5 {[%clk 0:00:41]}  Re8 {[%clk 0:01:13]} 30. Bg4 {[%clk 0:00:36]}  Qc6 {[%clk 0:01:09]} 31. Bf3 {[%clk 0:00:30]}  Qxe4 {[%clk 0:01:08]} 32. Bxe4 {[%clk 0:00:31]}  a5 {[%clk 0:00:48]} 33. Kg2 {[%clk 0:00:30]}  Kf7 {[%clk 0:00:35]} 34. h4 {[%clk 0:00:29]}  h6 {[%clk 0:00:35]} 35. Bd2 {[%clk 0:00:23]}  Bxd2 {[%clk 0:00:36]} 36. Rxd2 {[%clk 0:00:24]}  Nd7 {[%clk 0:00:34]} 37. Rc4 {[%clk 0:00:19]}  Nb6 {[%clk 0:00:33]} 38. Rc1 {[%clk 0:00:19]}  Ke7 {[%clk 0:00:27]} 39. Rdc2 {[%clk 0:00:19]}  Kd6 {[%clk 0:00:27]} 40. f4 {[%clk 0:00:18]}  Nd5 {[%clk 0:00:27]} 41. Bxd5 {[%clk 0:00:18]}  exd5 {[%clk 0:00:28]} 42. Kf2 {[%clk 0:00:17]}  Re3 {[%clk 0:00:28]} 43. Rd2 {[%clk 0:00:16]}  Rc7 {[%clk 0:00:22]} 44. Rd3 {[%clk 0:00:15]}  Rce7 {[%clk 0:00:20]} 45. Rxe3 {[%clk 0:00:14]}  Rxe3 {[%clk 0:00:21]} 46. Rc2 {[%clk 0:00:13]}  a4 {[%clk 0:00:21]} 47. bxa4 {[%clk 0:00:13]}  Ra3 {[%clk 0:00:21]} 48. Rb2 {[%clk 0:00:13]}  Kc6 {[%clk 0:00:18]} 49. Rb8 {[%clk 0:00:13]}  Rxa2 {[%clk 0:00:17]} 50. Rg8 {[%clk 0:00:13]}  d3 {[%clk 0:00:17]} 51. Rxg7 {[%clk 0:00:12]}  Rxe2+ {[%clk 0:00:18]} 52. Kf3 {[%clk 0:00:12]}  Ra2 {[%clk 0:00:18]} 53. Rg6+ {[%clk 0:00:11]}  Kd7 {[%clk 0:00:17]} 54. f5 {[%clk 0:00:12]}  c4 {[%clk 0:00:17]} 55. Rg7+ {[%clk 0:00:11]}  Ke8 {[%clk 0:00:17]} 56. f6 {[%clk 0:00:11]}  d2 {[%clk 0:00:14]} 57. Ke2 {[%clk 0:00:10]}  c3 {[%clk 0:00:13]} 58. g4 {[%clk 0:00:10]}  Ra1 {[%clk 0:00:13]} 59. Re7+ {[%clk 0:00:09]}  Kf8 {[%clk 0:00:12]} 60. g5 {[%clk 0:00:01]}  d1=Q+ {[%clk 0:00:12]} 61. Kf2 {[%clk 0:00:01]}  hxg5 {[%clk 0:00:13]} 62. hxg5 {[%clk 0:00:01]}  Qf1+ {[%clk 0:00:13]} 63. Kg3 {[%clk 0:00:00]}  Re1 {[%clk 0:00:11]} 0-1